000 00707nam a2200229 a 4500
001 000016283
003 DO-SdBNP
005 20240311180536.0
007 ta
008 100303s1905 dr 000 0 spa d
040 _aDO-SdBNP
_bspa
_cBNPHU
082 _a352.84
_bM171c 1905
110 1 _aMacorís Dredging Wharf & Storage
_982247
245 1 3 _aLa concesión Ros /
260 _aSanto Domingo :
_bLa Cuna de América,
_c1905.
300 _a125 p. ;
_c24 cm.
590 _aInventariado, 2022/ YL
650 4 _aContratos (Administración pública)
_zRepública Dominicana
_982248
651 _aSan Pedro de Macorís , República Dominicana
_xPuerto.
_982249
910 _aYLockward
942 _2ddc
_cLBS1
999 _c15818
_d15818